Java TM 2 (Registro nro. 6987)
[ vista simple ]
| 000 -CABECERA | |
|---|---|
| campo de control de longitud fija | 00910aam a2200313 4500 |
| 005 - FECHA Y HORA DE ACTUALIZACIÓN | |
| campo de control | 20230622151906.0 |
| 008 - LONGITUD FIJA | |
| campo de control de longitud fija | 150729b2007 xxu||||| |||| 00| 0 spa d |
| 041 ## - IDIOMA | |
| Código de idioma del texto/pista de sonido o título separado | Español |
| 082 ## - CLASIFICACIÓN DECIMAL DEWEY | |
| Número de clasificación | 005.13 C387j |
| 100 ## - AUTOR PERSONAL | |
| Nombre de persona | Ceballos Sierra, Francisco Javier |
| 245 ## - TÍTULO PROPIAMENTE DICHO | |
| Título | Java TM 2 |
| 260 ## - PIE DE IMPRENTA | |
| Lugar de publicación, distribución, etc. | México |
| 260 ## - PIE DE IMPRENTA | |
| Nombre del editor, distribuidor, etc. | Alfaomega |
| 260 ## - PIE DE IMPRENTA | |
| Fecha de publicación, distribución, etc. | 2007 |
| 300 ## - DESCRIPCIÓN FÍSICA | |
| Extensión | 371 páginas |
| 505 ## - Nota de Contenido | |
| Nota de contenido | Contiene disco compacto N° 405 |
| 505 ## - Nota de Contenido | |
| Nota de contenido | Disco compacto contiene J2SEDK, EDI y las aplicaciones contenidas en el libro. |
| 650 ## - Materia General | |
| Materia general | LENGUAJES DE PROGRAMACIÓN |
| 650 ## - Materia General | |
| Materia general | JAVA 2 |
| 650 ## - Materia General | |
| Materia general | PROGRAMACIÓN ORIENTADA A OBJETOS |
| 650 ## - Materia General | |
| Materia general | ESTRUCTURA DE DATOS |
| 650 ## - Materia General | |
| Materia general | CLASES |
| 650 ## - Materia General | |
| Materia general | MATRICES |
| 650 ## - Materia General | |
| Materia general | FICHEROS |
| 650 ## - Materia General | |
| Materia general | BASES DE DATOS |
| 650 ## - Materia General | |
| Materia general | PÁGINAS WEB |
| 650 ## - Materia General | |
| Materia general | MYSQL |
| 942 ## - Punto de Acceso Adicional Koha | |
| Tipo de ítem Koha | Libro |
| Estado perdido | Estado dañado | No para préstamo | Biblioteca permanente | Biblioteca actual | Signatura completa | Código de barras | Precio efectivo a partir del | Tipo de ítem |
|---|---|---|---|---|---|---|---|---|
| Departamento de Biblioteca y Documentación Alfonso Chase Brenes | Departamento de Biblioteca y Documentación Alfonso Chase Brenes | 005.13 C387j | 12154 | 10/02/2017 | Libro | |||
| Departamento de Biblioteca y Documentación Alfonso Chase Brenes | Departamento de Biblioteca y Documentación Alfonso Chase Brenes | 005.13 C387j | 405DC | 15/10/2019 | Disco Compacto |